Ordenamiento territorial y resistencia indígena en Cajicá : (Registro nro. 3606)

Detalles MARC
000 -LEADER
fixed length control field 01087nam a2200241Ia 4500
003 - CONTROL NUMBER IDENTIFIER
control field OSt
005 - DATE AND TIME OF LATEST TRANSACTION
control field 20200902221019.0
008 - FIXED-LENGTH DATA ELEMENTS--GENERAL INFORMATION
fixed length control field 191128t2007 ck aob gr 000 0 spa d
020 ## - INTERNATIONAL STANDARD BOOK NUMBER
International Standard Book Number 9789584412737
040 ## - CATALOGING SOURCE
Original cataloging agency CO-JMCR
Transcribing agency CO-JMCR
041 0# - LANGUAGE CODE
Language code of text/sound track or separate title spa
082 04 - DEWEY DECIMAL CLASSIFICATION NUMBER
Classification number 352.962 /
Item number R758o
Edition number 234
100 1# - MAIN ENTRY--PERSONAL NAME
Personal name Román Tamez, Ángel Luis,
Relator term autor
9 (RLIN) 9678
245 10 - TITLE STATEMENT
Title Ordenamiento territorial y resistencia indígena en Cajicá :
Remainder of title 1537-1639 /
Statement of responsibility, etc. Ángel Luis Román Tamez
260 ## - PUBLICATION, DISTRIBUTION, ETC.
Place of publication, distribution, etc. Bogotá :
Name of publisher, distributor, etc. Archivo General de la Nación,
Date of publication, distribution, etc. ©2007
300 ## - PHYSICAL DESCRIPTION
Extent xxxiv, 242 páginas :
Other physical details fotografías y mapas ;
Dimensions 24 cm.
490 0# - SERIES STATEMENT
Series statement Apoyo a la investigación
504 ## - BIBLIOGRAPHY, ETC. NOTE
Bibliography, etc. note Bibliografía: páginas 185-196
520 3# - SUMMARY, ETC.
Summary, etc. La presente investigación estudia el desenvolvimiento histórico de la comunidad indígena colonial de Cajicá a través del análisis de los diferentes ordenamientos territoriales que sufrió durante los años 1537-1639.
650 14 - SUBJECT ADDED ENTRY--TOPICAL TERM
Topical term or geographic name entry element Indígenas de Colombia
General subdivision tenencia de la tierra
Chronological subdivision 1537-1639
9 (RLIN) 9679
650 14 - SUBJECT ADDED ENTRY--TOPICAL TERM
Topical term or geographic name entry element Ordenamiento territorial
Chronological subdivision 1537-1639
Geographic subdivision Cajicá
9 (RLIN) 9680
942 ## - ADDED ENTRY ELEMENTS (KOHA)
Source of classification or shelving scheme Dewey Decimal Classification
Koha item type Books
Existencias
Withdrawn status Lost status Source of classification or shelving scheme Damaged status Not for loan Collection code Home library Current library Date acquired Source of acquisition Full call number Barcode Date last seen Copy number Koha item type
    Dewey Decimal Classification     Non-fiction Biblioteca Pública José María del Castillo y Rada Biblioteca Pública José María del Castillo y Rada 04/10/2018 Donación 352.962 / R758o 201807477 05/16/2024 Ej.1 Books